000 01731nam0a2200373 4500
001 RU\NLR\bibl\1235059
005 20250615115304.0
010 _a978-5-222-13343-9
_93000
021 _aRU
_b2008-27104
_91497
035 _a(NLR Aleph) 001221303
090 _a140176
_c140176
100 _a20080602d2008 |||y0rusy50 ca
101 0 _arus
102 _aRU
105 _ay |||||||||
200 1 _aИстория России
_eучебное пособие для абитуриентов
_fА.В. Лубский, С.И. Самыгин, П.С. Самыгин, В.Н. Шевелев
_gпод общ. ред. проф. В.Н. Шевелева
210 _aРостов-на-Дону
_cФеникс
_d2008
215 _a443 с.
_d21
225 1 _aСерия "Абитуриент"
300 _aНа обл. авт. не указаны
320 _aБиблиогр.: с. 438
607 _aРоссия
_jУчебные издания для поступающих в высшие учебные заведения
_xИстория
_91554184
_3RU\NLR\auth\66979780
686 _aТ3(2)я72
701 1 _4070
_7ca
_8rus
_aЛубский
_bА. В.
_f1947-
_gАнатолий Владимирович
_9158171
_3RU\NLR\AUTH\770158212
701 1 _4070
_7ca
_8rus
_aСамыгин
_bС. И.
_f1952-
_gСергей Иванович
_954613
_3RU\NLR\auth\7771685
701 1 _aСамыгин
_bП. С.
_gПетр Сергеевич
_4070
701 1 _aШевелев
_bВ. Н.
_gВладимир Николаевич
_4070
702 1 _aШевелев
_bВ. Н.
_gВладимир Николаевич
_4340
801 0 _aRU
_bNLR
_c20080602
_gRCR
801 1 _aRU
_bNLR
_c20080602
942 _cBOOK
980 _aNB